=LDR 00000nam 2200000 4500 =001 INLIS000000000046719 =005 20150428141806.0 =006 =007 =008 =035 ##$$0010-041500000000201 =082 ##$$a 372.35 =090 ##$$a 372.35.yoh i =100 ##$$a yohanes surya phd =245 ##$$a ipa =260 ##$$a armandelta selaras =300 ##$$a hln. 132 =850 ##$$a NPBMAT =990 ##$$a 0001/BPAP-NTB/20142015